Catálogo
 En Linea

Expansión del cultivo de la caña de azucar y de la ganadería en el nordeste del Brasil : (Registro nro. 35794)

Detalles MARC
000 -CABECERA
campo de control de longitud fija 00646nam a2200157 a 4500
001 - NÚMERO DE CONTROL
campo de control 000036303
005 - FECHA Y HORA DE LA ÚLTIMA TRANSACCIÓN
campo de control 20200930075646.0
008 - DATOS DE LONGITUD FIJA--INFORMACIÓN GENERAL
campo de control de longitud fija 120112s1986 cl a 000 0 spa d
020 ## - NÚMERO INTERNACIONAL ESTÁNDAR DEL LIBRO
Número Internacional Estándar del Libro 9213212097
040 ## - FUENTE DE LA CATALOGACIÓN
Centro catalogador/agencia de origen DO-SdBNP
Lengua de catalogación spa
Centro/agencia transcriptor BNPHU
245 00 - MENCIÓN DE TÍTULO
Título Expansión del cultivo de la caña de azucar y de la ganadería en el nordeste del Brasil :
Resto del título políticas públicas y sus derivaciones económicas y sociales.
260 ## - PUBLICACIÓN, DISTRIBUCIÓN, ETC.
Lugar de publicación, distribución, etc. Santiago de Chile :
Nombre del editor, distribuidor, etc. Comisión económica para América Latina y el Caribe,
Fecha de publicación, distribución, etc. 1986.
300 ## - DESCRIPCIÓN FÍSICA
Extensión 170 p. :
Otras características físicas il. ;
Dimensiones 22 cm.
490 1# - MENCIÓN DE SERIE
Mención de serie Estudios e informes de la CEPAL
Designación de volumen o secuencia 59
830 #0 - PUNTO DE ACCESO ADICIONAL DE SERIE-TÍTULO UNIFORME
Título uniforme Estudios e informes de la CEPAL
Número de parte o sección de la obra 59
9 (RLIN) 62445
Existencias
Estado de retiro Estado de pérdida Restricciones de uso No para préstamo Código de colección Localización permanente Ubicación/localización actual Ubicación en estantería Fecha de adquisición Número de inventario Total de préstamos Signatura topográfica completa Código de barras Fecha visto por última vez Precio válido a partir de Tipo de ítem Koha
        Monografías: Libros y Folletos General General Orden iniciada 12.01.2012 LF1   36304-10 25.06.2020 25.06.2020 No se presta

Con tecnología Koha